Ο Φρόυντ και εγώ
Αποθηκεύτηκε σε:
| Κύριος συγγραφέας: | |
|---|---|
| Μορφή: | Βιβλίο |
| Γλώσσα: | Greek |
| Δημοσίευση: |
Αθήνα :
Πύλη ,
1982
|
| Έκδοση: | 2η εκδ. |
| Θέματα: | |
| Ετικέτες: |
Προσθήκη ετικέτας
Δεν υπάρχουν, Καταχωρήστε ετικέτα πρώτοι!
|
MARC
| LEADER | 00000nam a2200000 i 4500 | ||
|---|---|---|---|
| 001 | 1/83141 | ||
| 008 | 960621s1982 gre d | ||
| 035 | |a 1986 |c Αγορά |l 10034119 | ||
| 035 | |a 1987 |c Αγορά | ||
| 040 | |a GR-MY-UA |b gre |e aacr | ||
| 041 | 0 | |a gre | |
| 082 | 0 | |a 150.1952 | |
| 100 | 1 | |a Reich, Wilhelm, |d 1897-1957. | |
| 245 | 1 | 2 | |a Ο Φρόυντ και εγώ / |c Wilhelm Reich |
| 250 | |a 2η εκδ. | ||
| 260 | |a Αθήνα : |b Πύλη , |c 1982 | ||
| 300 | |a 134 σ. | ||
| 600 | 1 | 0 | |a Freud, Sigmund, |d 1856-1939. |
| 650 | 0 | 0 | |a Psychoanalysts |x Correspondence. |
| 650 | 0 | 0 | |a Psychoanalysis. |
| 852 | |a INST |b RHODES |e 19960621 |h 150.195209 REI |p 005400004801 |q 005400004801 |t BK |y 0 | ||
| 852 | |a INST |b RHODES |e 19960621 |h 150.195209 REI |p 005400004805 |q 005400004805 |t BK |y 0 | ||
| 909 | |a Ρ |b 003572 |c 1986 | ||
| 909 | |a Ρ |b 006190 |c 1987 | ||